00857cas a22002057ar450000500170000000800410001701000100005801100100006803500100007824501770008826001110026530000070037631000100038336200140039350000370040765000530044465000480049778500840054586600220062920220329142044.0990430d19741979es a p rnn uub0spa d a77710 a78682 a8869900aAnales del Instituto Nacional de Investigaciones Agrarias :bSerie Higiene y Sanidad Animalc/por Instituto Nacional de Investigaciones Agrarias. Ministerio de Agricultura.0 aMadrid, España :bInstituto Nacional de Investigaciones Agrarias. Ministerio de Agricultura,c1974-1979. an. aAnual an.1, 1974 aContiene resúmenes en inglés14aHigiene veterinariaxPublicaciones periódicas.14aSanidad animalxPublicaciones periódicas. tAnales del Instituto Nacional de Investigaciones Agrarias. Serie Ganadera, 1982 an.1-4 (1974-1979)